000 00743nam a2200241Ia 4500
003 OSt
005 20220923223443.0
006 a|||||r|||| 00| 0
007 ta
008 220922b |||||||| |||| 00| 0 hin d
024 _a215,999
037 _cTextual
040 _aARTS
_cARTS
_bhin
041 _2hin
_ahin
082 _aQ:(R), 152M5(TTR)
100 _aमसीह, या
_9159534
245 0 _aतुलनात्मक धर्म दर्शन
246 _aTulanātmak dharma darshana
260 _aदिल्ली
_b मोतीलाल बनारसीदास
_c1985
300 _a324 पृ.
_ccm.
942 _hQ:(R), 152M5(TTR)
_cTEXL
_2CC
999 _c365443
_d365443